000 00771nam a22002777a 4500
001 BR8108588
003 BR-BrBNA
005 20230928091202.0
007 ta
008 230509b bl.||||| |||| 00| 0 por d
040 _aBR-BrBNA
_bpor
_cBiblioteca Nacional de Agricultura
041 _a(Por)
072 _aS10
090 _ S10 BR8108588
100 1 _aMiranda, L.C.G. de
100 1 _aBattisti, C.R. de
110 1 _aUniversidade Federal de Vicosa, MG (Brasil). Depto. de Quimica
_910988
245 1 _aPraticas de quimica bromatologica [alimento]
_bno. 98
260 3 _aVicosa, MG (Brasil):
_c1981.
300 _a41 p.
650 _aALIMENTO
650 _aBROMATOLOGIA
650 _aANALISE QUIMICA
909 _a202309
_bLucia
_c55
_dLucia Elande
942 _cBK
999 _c32701
_d32701